[Event "Faaker See op 27th"]
[Site "Latschach (13.8.-20.8)"]
[Date "2011.08.15"]
[Round "4.16"]
[White "Meertens, Martin"]
[Black "De Nisi, Roberta"]
[Result "1-0"]
[WhiteElo "2122"]
[BlackElo "1964"]
[PlyCount "93"]
[EventDate "2011.08.13"]
[EventType "swiss"]
[EventRounds "9"]
[EventCountry "AUT"]
[WhiteTeam "Köln-Klub Sfr."]
[BlackTeam "ITA (Italien)"]
[WhiteTeamCountry "GER"]
[BlackTeamCountry "ITA"]

1. e4 e6 2. d3 d5 3. Qe2 Be7 4. g3 Nf6 5. Bg2 c5 6. Nf3 Nc6 7. O-O O-O 8. e5
Ne8 9. c4 Nc7 10. Nc3 a6 11. h4 f6 12. exf6 Bxf6 13. Na4 Nd4 14. Nxd4 cxd4 15.
Nb6 Rb8 16. b3 Qd6 17. Nxc8 Rbxc8 18. a4 Qe5 19. Qxe5 Bxe5 20. Ba3 Rfe8 21.
Rfe1 Bf6 22. Bd6 Kf7 23. Bh3 a5 24. Ra2 dxc4 25. bxc4 Na6 26. Rb2 Nb4 27. Bxb4
axb4 28. Rxb4 Rc7 29. Reb1 Be7 30. Rb6 Rc6 31. Rxb7 Ra6 32. R1b6 Rxb6 33. Rxb6
Bc5 34. Rb5 Ba7 35. Bg2 Rb8 36. Bb7 Re8 37. a5 Re7 38. h5 Kf6 39. g4 Rc7 40.
g5+ Kf7 41. Be4 h6 42. f4 hxg5 43. fxg5 Kf8 44. Kh2 Bc5 45. Kh3 Bd6 46. a6 Bc5
47. Rxc5 1-0

[Event "Faaker See op 27th"]
[Site "Latschach (13.8.-20.8)"]
[Date "2011.08.15"]
[Round "4.17"]
[White "Pakosta, Miroslav"]
[Black "Tozaki, Halil"]
[Result "1-0"]
[WhiteElo "2167"]
[BlackElo "1993"]
[PlyCount "39"]
[EventDate "2011.08.13"]
[EventType "swiss"]
[EventRounds "9"]
[EventCountry "AUT"]
[WhiteTeam "CZE (Tschechien)"]
[BlackTeam "TUR (Türkei)"]
[WhiteTeamCountry "CZE"]
[BlackTeamCountry "TUR"]

1. e4 c5 2. c3 Nf6 3. e5 Nd5 4. d4 cxd4 5. Nf3 e6 6. cxd4 d6 7. Nc3 Nxc3 8.
bxc3 Nc6 9. exd6 Bxd6 10. Bd3 Qc7 11. O-O O-O 12. h3 g6 13. Bh6 Re8 14. Ng5 f6
15. Ne4 Be7 16. Re1 Na5 17. d5 exd5 18. Nxf6+ Kf7 19. Nxe8 Kxe8 20. Bg5 1-0

[Event "Faaker See op 27th"]
[Site "Latschach (13.8.-20.8)"]
[Date "2011.08.15"]
[Round "4.18"]
[White "Diehl, Achim"]
[Black "Fiala, Vaclav"]
[Result "0-1"]
[WhiteElo "1959"]
[BlackElo "2162"]
[PlyCount "72"]
[EventDate "2011.08.13"]
[EventType "swiss"]
[EventRounds "9"]
[EventCountry "AUT"]
[WhiteTeam "Nürnberg-Süd SW"]
[BlackTeam "CZE (Tschechien)"]
[WhiteTeamCountry "GER"]
[BlackTeamCountry "CZE"]

1. e4 c5 2. Nf3 e6 3. c4 Nc6 4. Nc3 g6 5. d4 cxd4 6. Nxd4 d6 7. Bf4 e5 8. Nxc6
bxc6 9. Be3 Nh6 10. Be2 f5 11. Qa4 f4 12. Bd2 Bd7 13. c5 dxc5 14. g3 Bd6 15.
O-O-O Qf6 16. f3 O-O 17. g4 Nf7 18. h4 Rfb8 19. h5 g5 20. Nb1 Be8 21. Bc3 c4
22. Bxc4 Bc5 23. Na3 Be3+ 24. Kb1 c5 25. Qa5 Rb6 26. Rd3 Kf8 27. Rhd1 Nd6 28.
Bd5 Rab8 29. b3 Nb5 30. Bc4 Ra6 31. Nxb5 Rxa5 32. Rd6 Qe7 33. Bxa5 Bxb5 34.
Rd8+ Rxd8 35. Rxd8+ Be8 36. Bb5 Qxd8 0-1

[Event "Faaker See op 27th"]
[Site "Latschach (13.8.-20.8)"]
[Date "2011.08.15"]
[Round "4.19"]
[White "Raygrotzki, Norbert(62)"]
[Black "Wegerer, Fred"]
[Result "0-1"]
[WhiteElo "1844"]
[BlackElo "2142"]
[PlyCount "71"]
[EventDate "2011.08.13"]
[EventType "swiss"]
[EventRounds "9"]
[EventCountry "AUT"]
[WhiteTeam "Oberhausener SV"]
[BlackTeam "AUT (Österreich)"]
[WhiteTeamCountry "GER"]
[BlackTeamCountry "AUT"]

1. c4 c5 2. g3 Nc6 3. Bg2 g6 4. Nc3 Bg7 5. Nf3 d6 6. a3 Bg4 7. h3 Bd7 8. O-O h5
9. d3 Nh6 10. Rb1 Qc8 11. h4 Bh3 12. Bd2 Bxg2 13. Kxg2 Nf5 14. b4 Ne5 15. Nxe5
Bxe5 16. e4 Nh6 17. f4 Bg7 18. Qa4+ Kf8 19. f5 gxf5 20. Bxh6 Rxh6 21. Rxf5 Bxc3
22. Rbf1 f6 23. Qd1 Kg7 24. bxc5 dxc5 25. Rxh5 Rxh5 26. Qxh5 Be5 27. Rf5 Qe8
28. Rxe5 fxe5 29. Qxe5+ Kh7 30. Qf5+ Qg6 31. Qxc5 Qf6 32. d4 Rf8 33. Qh5+ Kg7
34. Qg4+ Qg6 35. Qxg6+ Kxg6 36. g4 0-1

[Event "Faaker See op 27th"]
[Site "Latschach (13.8.-20.8)"]
[Date "2011.08.15"]
[Round "4.20"]
[White "Nagel, Herbert Dr(54)"]
[Black "Saxer, Bernhard"]
[Result "0-1"]
[WhiteElo "2139"]
[BlackElo "1956"]
[PlyCount "86"]
[EventDate "2011.08.13"]
[EventType "swiss"]
[EventRounds "9"]
[EventCountry "AUT"]
[WhiteTeam "AUT (Österreich)"]
[BlackTeam "AUT (Österreich)"]
[WhiteTeamCountry "AUT"]
[BlackTeamCountry "AUT"]

1. c4 e5 2. Nc3 Nf6 3. Nf3 Nc6 4. e3 d5 5. cxd5 Nxd5 6. Qc2 Be6 7. a3 Nxc3 8.
bxc3 Bd6 9. e4 O-O 10. d3 Qe7 11. Be2 Rad8 12. O-O h6 13. Re1 Bg4 14. h3 Bh5
15. Nd2 Bg6 16. Nc4 Bc5 17. Be3 b5 18. Bxc5 Qxc5 19. Ne3 a6 20. a4 Rd6 21. axb5
axb5 22. Reb1 Rb8 23. Rb2 Nd8 24. g3 c6 25. Ra6 Ne6 26. h4 Rdd8 27. Qb3 Qd6 28.
Qb4 Nc5 29. h5 Bh7 30. Ra7 Nxd3 31. Bxd3 Qxd3 32. Qe7 Rf8 33. Qxe5 Bxe4 34. Re7
Bf3 35. Nf5 Qd1+ 36. Qe1 Qxe1+ 37. Rxe1 Rfe8 38. Re3 Rxe3 39. fxe3 Re8 40. Kf2
Bxh5 41. Ra2 Bg6 42. g4 Bxf5 43. gxf5 Re5 0-1

[Event "Faaker See op 27th"]
[Site "Latschach (13.8.-20.8)"]
[Date "2011.08.15"]
[Round "4.21"]
[White "Sentug, Halil"]
[Black "Stock, Andreas(11.62)"]
[Result "1/2-1/2"]
[WhiteElo "1931"]
[BlackElo "2138"]
[PlyCount "158"]
[EventDate "2011.08.13"]
[EventType "swiss"]
[EventRounds "9"]
[EventCountry "AUT"]
[WhiteTeam "TUR (Türkei)"]
[BlackTeam "Pirmasens SC"]
[WhiteTeamCountry "TUR"]
[BlackTeamCountry "GER"]

1. d4 Nf6 2. c4 c5 3. d5 b5 4. cxb5 a6 5. f3 g6 6. e4 d6 7. Nc3 Bg7 8. Bc4 O-O
9. Nge2 axb5 10. Bxb5 Ba6 11. Qd3 Ne8 12. O-O Nc7 13. Bc4 Nd7 14. f4 Bxc4 15.
Qxc4 Nb6 16. Qd3 Qd7 17. a3 Na4 18. Rb1 Rfb8 19. Kh1 Rb3 20. Qc2 Rab8 21. Nxa4
Qxa4 22. Bd2 Qa6 23. Bc3 Bxc3 24. Nxc3 Rxb2 25. Qc1 Rxb1 26. Nxb1 Qd3 27. Re1
f5 28. exf5 Qxf5 29. Nc3 Nxd5 30. Nxd5 Qxd5 31. Rxe7 Qd3 32. Re1 Qf5 33. h3 Rf8
34. Qc4+ Qf7 35. Re6 Rd8 36. Qd5 Kg7 37. g3 Qf5 38. Re7+ Kf8 39. Qxf5+ gxf5 40.
Rxh7 c4 41. Rc7 d5 42. Kg2 Re8 43. Kf3 Ra8 44. Ke3 Rxa3+ 45. Kd4 Rd3+ 46. Ke5
Rxg3 47. Kxd5 Rxh3 48. Rxc4 Re3 49. Kd4 Re4+ 50. Kd3 Re6 51. Rc5 Rd6+ 52. Kc4
Rf6 53. Kd5 Kg7 54. Ke5 Rf8 55. Rc6 Rf7 56. Re6 Rf8 57. Re7+ Kg6 58. Re6+ Kg7
59. Ra6 Rf7 60. Ra3 Rb7 61. Kxf5 Rb5+ 62. Kg4 Rb6 63. Ra5 Kf7 64. Rh5 Kg7 65.
Re5 Kf6 66. Rg5 Rb1 67. Rf5+ Kg6 68. Ra5 Rg1+ 69. Kf3 Rf1+ 70. Ke4 Re1+ 71. Kd4
Kf6 72. Ra8 Rd1+ 73. Ke3 Re1+ 74. Kf2 Rb1 75. Rf8+ Kg7 76. Rf5 Rb3 77. Re5 Kf6
78. Re3 Rb5 79. Kf3 Kf5 1/2-1/2

[Event "Faaker See op 27th"]
[Site "Latschach (13.8.-20.8)"]
[Date "2011.08.15"]
[Round "4.22"]
[White "Fiorido, Giuseppe"]
[Black "Linnert, Peter Dr"]
[Result "0-1"]
[WhiteElo "2124"]
[BlackElo "1906"]
[PlyCount "86"]
[EventDate "2011.08.13"]
[EventType "swiss"]
[EventRounds "9"]
[EventCountry "AUT"]
[WhiteTeam "ITA (Italien)"]
[BlackTeam "AUT (Österreich)"]
[WhiteTeamCountry "ITA"]
[BlackTeamCountry "AUT"]

1. e4 e6 2. d3 d5 3. Qe2 c6 4. Nf3 Nf6 5. g3 b6 6. Nbd2 Ba6 7. Bg2 Bb4 8. O-O
O-O 9. a3 Be7 10. Re1 Nbd7 11. Qd1 Rc8 12. Nf1 e5 13. Bg5 h6 14. Bxf6 Bxf6 15.
Ne3 Bb7 16. Nf5 Qc7 17. Qe2 Rfe8 18. N3h4 Kh7 19. Qh5 Nf8 20. Bh3 Rcd8 21. Ne3
Bc8 22. Nhf5 Bg5 23. Nxh6 Bxh6 24. Nf5 Bxf5 25. exf5 Qe7 26. Kh1 Kg8 27. Rg1
Qg5 28. Qe2 e4 29. d4 Nd7 30. Raf1 Qd2 31. Qa6 e3 32. f4 Qxd4 33. Qxa7 Nf6 34.
Bg2 Ne4 35. Bxe4 Rxe4 36. f6 Qxf6 37. Qxb6 g6 38. Re1 Rde8 39. Rg2 Bg7 40. c3
Qe6 41. Ree2 Rc4 42. Qb3 c5 43. Rc2 d4 0-1

[Event "Faaker See op 27th"]
[Site "Latschach (13.8.-20.8)"]
[Date "2011.08.16"]
[Round "5.2"]
[White "Okhotnik, Vladimir"]
[Black "Stopa, Jacek"]
[Result "0-1"]
[WhiteElo "2455"]
[BlackElo "2474"]
[PlyCount "58"]
[EventDate "2011.08.13"]
[EventType "swiss"]
[EventRounds "9"]
[EventCountry "AUT"]
[WhiteTeam "FRA (Frankreich)"]
[BlackTeam "POL (Polen)"]
[WhiteTeamCountry "FRA"]
[BlackTeamCountry "POL"]

1. e4 e5 2. Nf3 Nf6 3. Nxe5 d6 4. Nf3 Nxe4 5. Bd3 d5 6. O-O Be7 7. c4 Nc5 8.
Be2 d4 9. d3 Nc6 10. Na3 O-O 11. Nc2 a5 12. b3 Re8 13. Bb2 Bf6 14. Qd2 Bf5 15.
Rad1 Ne6 16. Rfe1 g5 17. h3 h5 18. Qc1 Nb4 19. Nxb4 axb4 20. a3 g4 21. hxg4
hxg4 22. Nd2 Bg5 23. axb4 g3 24. Bf1 gxf2+ 25. Kxf2 Qf6 26. Kg1 Qh6 27. Qc2
Be3+ 28. Rxe3 Qxe3+ 29. Kh1 Kg7 0-1

[Event "Faaker See op 27th"]
[Site "Latschach (13.8.-20.8)"]
[Date "2011.08.16"]
[Round "5.3"]
[White "Kaid, Almar Dr"]
[Black "Hresc, Vladimir"]
[Result "1/2-1/2"]
[WhiteElo "2262"]
[BlackElo "2408"]
[PlyCount "155"]
[EventDate "2011.08.13"]
[EventType "swiss"]
[EventRounds "9"]
[EventCountry "AUT"]
[WhiteTeam "Hamburg-Diogenes SC"]
[BlackTeam "CRO (Kroatien)"]
[WhiteTeamCountry "GER"]
[BlackTeamCountry "CRO"]

1. Nf3 Nf6 2. g3 d5 3. Bg2 g6 4. b3 Bg7 5. Bb2 O-O 6. O-O Bg4 7. c4 Nc6 8. Ne5
Nxe5 9. Bxe5 Qd7 10. cxd5 Nxd5 11. Bxg7 Kxg7 12. Nc3 c6 13. Qc2 Nb4 14. Qb2 f6
15. a3 Na6 16. b4 Nc7 17. Rfc1 e5 18. d3 Bh3 19. Bh1 Rad8 20. Ne4 Qe7 21. a4 a6
22. Nc5 Bc8 23. Rc2 h5 24. h4 Rd4 25. e3 Rd6 26. Bg2 Ne6 27. Nxe6+ Qxe6 28. Bf1
Rfd8 29. Rac1 Bd7 30. Rc5 Qe8 31. Be2 Bf5 32. e4 Bd7 33. Rf1 Bh3 34. Rfc1 Rd4
35. b5 axb5 36. axb5 Bd7 37. bxc6 Bxc6 38. Qb6 R8d6 39. Qb3 Qa8 40. Rf1 Qa4 41.
Qxa4 Rxa4 42. f4 Ra2 43. Rf2 Re6 44. Bf1 Ra1 45. Rb2 Kf8 46. Kf2 Ke8 47. Bh3
Re7 48. Ke3 Ra3 49. Kd2 Kd8 50. Rc3 Ra1 51. Ke3 Kc7 52. Rf2 Re1+ 53. Re2 exf4+
54. gxf4 Rh1 55. Bg2 Rxh4 56. d4 Kb8 57. e5 Bxg2 58. Rxg2 g5 59. fxg5 fxe5 60.
d5 Rg7 61. g6 Rg4 62. Rxg4 hxg4 63. Ke4 Rxg6 64. Kf5 Rg8 65. d6 g3 66. d7 g2
67. Rg3 Rd8 68. Ke6 Kc7 69. Rc3+ Kb6 70. Rg3 Kc5 71. Rxg2 e4 72. Re2 Kd4 73.
Rb2 e3 74. Ke7 Rh8 75. d8=Q+ Rxd8 76. Kxd8 Kc3 77. Rxb7 e2 78. Re7 1/2-1/2

[Event "Faaker See op 27th"]
[Site "Latschach (13.8.-20.8)"]
[Date "2011.08.16"]
[Round "5.5"]
[White "Rotstein, Arkadij"]
[Black "Rodman, Franc"]
[Result "1-0"]
[WhiteElo "2479"]
[BlackElo "2143"]
[PlyCount "65"]
[EventDate "2011.08.13"]
[EventType "swiss"]
[EventRounds "9"]
[EventCountry "AUT"]
[WhiteTeam "Porz SG"]
[BlackTeam "SLO (Slowenien)"]
[WhiteTeamCountry "GER"]
[BlackTeamCountry "SLO"]

1. e4 e5 2. Nf3 Nc6 3. Bc4 Nf6 4. d3 Be7 5. O-O O-O 6. Re1 d6 7. a4 Bg4 8. h3
Bh5 9. c3 Re8 10. Nbd2 d5 11. exd5 Nxd5 12. Nf1 a6 13. Ng3 Bg6 14. Nxe5 Nxe5
15. Rxe5 Nb6 16. Bf4 Qd7 17. Bb3 c6 18. d4 Nd5 19. Bxd5 cxd5 20. Qg4 Red8 21.
Qxd7 Rxd7 22. Rae1 Bf8 23. a5 Rc8 24. Re8 Rdd8 25. Rxd8 Rxd8 26. Bc7 Rd7 27.
Bb6 f6 28. Nf1 Bd6 29. Ne3 Bf4 30. Nf1 Kf7 31. Bc5 Bf5 32. f3 Rd8 33. Re7+ 1-0

[Event "Faaker See op 27th"]
[Site "Latschach (13.8.-20.8)"]
[Date "2011.08.16"]
[Round "5.6"]
[White "Wegerer, Fred"]
[Black "Mladenov, Plamen"]
[Result "1-0"]
[WhiteElo "2142"]
[BlackElo "2107"]
[PlyCount "55"]
[EventDate "2011.08.13"]
[EventType "swiss"]
[EventRounds "9"]
[EventCountry "AUT"]
[WhiteTeam "AUT (Österreich)"]
[BlackTeam "BUL (Bulgarien)"]
[WhiteTeamCountry "AUT"]
[BlackTeamCountry "BUL"]

1. Nf3 d5 2. e3 c5 3. d4 Nc6 4. Bb5 a6 5. Bxc6+ bxc6 6. O-O Bg4 7. c4 Bxf3 8.
Qxf3 e6 9. Nc3 f5 10. Na4 Qa5 11. Qh5+ g6 12. Qd1 Nf6 13. Bd2 Qc7 14. dxc5 Bg7
15. Bc3 O-O 16. Rc1 Rad8 17. Qe2 e5 18. cxd5 Nxd5 19. Qxa6 Kh8 20. Ba5 Ra8 21.
Qxa8 Rxa8 22. Bxc7 Rxa4 23. Bd6 e4 24. Rb1 Nb4 25. a3 Nd3 26. b4 Bb2 27. Rxb2
Nxb2 28. Be5+ 1-0

[Event "Faaker See op 27th"]
[Site "Latschach (13.8.-20.8)"]
[Date "2011.08.16"]
[Round "5.7"]
[White "Kukov, Velislav"]
[Black "Scholvin, Erich"]
[Result "1-0"]
[WhiteElo "2377"]
[BlackElo "2058"]
[PlyCount "115"]
[EventDate "2011.08.13"]
[EventType "swiss"]
[EventRounds "9"]
[EventCountry "AUT"]
[WhiteTeam "BUL (Bulgarien)"]
[BlackTeam "Hamburger SK"]
[WhiteTeamCountry "BUL"]
[BlackTeamCountry "GER"]

1. Nf3 e6 2. c4 f5 3. Nc3 Nf6 4. d4 d5 5. Bf4 c6 6. e3 Ne4 7. Ne5 g6 8. Nxe4
dxe4 9. c5 Qa5+ 10. Qd2 Qxd2+ 11. Kxd2 Nd7 12. Nc4 Nf6 13. Be5 Kf7 14. Be2 Rg8
15. Rhb1 Nd5 16. b4 Bd7 17. a4 Be7 18. b5 Rgc8 19. Na5 b6 20. bxc6 Be8 21. Nc4
bxc5 22. dxc5 Bxc6 23. Nd6+ Bxd6 24. Bxd6 a5 25. g4 Nb4 26. Rxb4 axb4 27. a5
Bd5 28. g5 e5 29. a6 Ke6 30. Ra4 b3 31. Kc3 Rc6 32. a7 Rxd6 33. cxd6 Kxd6 34.
Bd1 Rc8+ 35. Kb2 Ba8 36. Bxb3 Rc7 37. Bc4 Kc5 38. Kc3 Kb6 39. Kb4 Rd7 40. Ra6+
Kb7 41. h4 Rc7 42. Ra5 Kb6 43. Ra4 Kc6 44. Ra6+ Kb7 45. Rf6 Kxa7 46. Rf7 Kb6
47. Rxc7 Kxc7 48. Bg8 Bc6 49. Kc5 Be8 50. Kd5 Kd7 51. Kxe5 Ke7 52. Bxh7 Kf7 53.
h5 gxh5 54. Bxf5 h4 55. Kxe4 Bc6+ 56. Kf4 Bg2 57. Kg4 h3 58. Kg3 1-0

[Event "Faaker See op 27th"]
[Site "Latschach (13.8.-20.8)"]
[Date "2011.08.16"]
[Round "5.8"]
[White "Posch, Roland"]
[Black "Kern, Guido"]
[Result "1-0"]
[WhiteElo "2123"]
[BlackElo "2299"]
[PlyCount "87"]
[EventDate "2011.08.13"]
[EventType "swiss"]
[EventRounds "9"]
[EventCountry "AUT"]
[WhiteTeam "AUT (Österreich)"]
[BlackTeam "Dinslaken SV"]
[WhiteTeamCountry "AUT"]
[BlackTeamCountry "GER"]

1. e4 e6 2. d3 d5 3. Nd2 Nf6 4. Ngf3 b6 5. e5 Nfd7 6. d4 c5 7. c3 Ba6 8. Bxa6
Nxa6 9. O-O Be7 10. Re1 Qc7 11. Qe2 Qb7 12. Nf1 Rc8 13. Ng3 O-O 14. Bf4 b5 15.
dxc5 Naxc5 16. Nd4 b4 17. Qg4 Kh8 18. Ngf5 exf5 19. Nxf5 Ne6 20. Nxe7 Rc4 21.
g3 Ndc5 22. Nf5 Nd3 23. Nd6 Qb6 24. Rf1 Rc6 25. Qf3 Nxb2 26. Be3 Qc7 27. cxb4
d4 28. Nb5 Qd7 29. Nxd4 Rc4 30. Nxe6 Qxe6 31. Bxa7 Rfc8 32. b5 Rc3 33. Qg2 Nc4
34. a4 Nxe5 35. b6 Nf3+ 36. Kh1 Qc6 37. a5 Re8 38. a6 Qa8 39. Rfc1 Qc6 40. Rd1
Qc5 41. Bb8 Ra3 42. a7 Rxa1 43. Rxa1 Qc3 44. a8=Q 1-0

[Event "Faaker See op 27th"]
[Site "Latschach (13.8.-20.8)"]
[Date "2011.08.16"]
[Round "5.9"]
[White "Barthel, Ansgar"]
[Black "Danner, Lambert"]
[Result "1-0"]
[WhiteElo "2199"]
[BlackElo "2103"]
[PlyCount "37"]
[EventDate "2011.08.13"]
[EventType "swiss"]
[EventRounds "9"]
[EventCountry "AUT"]
[WhiteTeam "Pirmasens SC"]
[BlackTeam "AUT (Österreich)"]
[WhiteTeamCountry "GER"]
[BlackTeamCountry "AUT"]

1. e4 Nf6 2. e5 Nd5 3. d4 d6 4. Nf3 Bg4 5. Be2 c6 6. Ng5 Bf5 7. e6 fxe6 8. Bh5+
g6 9. g4 Bxc2 10. Qxc2 gxh5 11. Nxe6 Qa5+ 12. Bd2 Qb6 13. Nc3 Na6 14. Nxd5 cxd5
15. O-O hxg4 16. Rac1 h5 17. Rfe1 Rb8 18. Qg6+ Kd7 19. Nxf8+ 1-0

[Event "Faaker See op 27th"]
[Site "Latschach (13.8.-20.8)"]
[Date "2011.08.16"]
[Round "5.10"]
[White "Keller, Manfred(45)"]
[Black "Schieder, Josef"]
[Result "1-0"]
[WhiteElo "2170"]
[BlackElo "2069"]
[PlyCount "77"]
[EventDate "2011.08.13"]
[EventType "swiss"]
[EventRounds "9"]
[EventCountry "AUT"]
[WhiteTeam "Pang/Rosenheim SGem"]
[BlackTeam "AUT (Österreich)"]
[WhiteTeamCountry "GER"]
[BlackTeamCountry "AUT"]

1. Nf3 d5 2. b3 Bf5 3. Bb2 Nd7 4. e3 Ngf6 5. Be2 h6 6. O-O e6 7. c4 c6 8. d3
Be7 9. Nbd2 O-O 10. Re1 Qb6 11. e4 dxe4 12. dxe4 Bxe4 13. Nxe4 Nxe4 14. Qxd7
Bc5 15. Bd4 Rad8 16. Bxc5 Qxc5 17. Qxb7 Qxf2+ 18. Kh1 Qe3 19. g3 Rd6 20. Ng1
Nf2+ 21. Kg2 Nd3 22. Bxd3 Qxd3 23. Qxa7 Qc3 24. Nf3 Rd3 25. Rac1 Qf6 26. Qf2
Rfd8 27. Rc2 Rc3 28. Rce2 Qe7 29. Re3 Qb4 30. Rxc3 Qxc3 31. Re2 Re8 32. Qd4 Qa5
33. Qd7 Qa8 34. c5 Rd8 35. Qc7 Rd5 36. Ne5 Qf8 37. Nxc6 Qxc5 38. Ne7+ Kf8 39.
Nxd5 1-0

[Event "Faaker See op 27th"]
[Site "Latschach (13.8.-20.8)"]
[Date "2011.08.16"]
[Round "5.11"]
[White "Jokovic, Dusan"]
[Black "Meertens, Martin"]
[Result "1/2-1/2"]
[WhiteElo "2098"]
[BlackElo "2122"]
[PlyCount "50"]
[EventDate "2011.08.13"]
[EventType "swiss"]
[EventRounds "9"]
[EventCountry "AUT"]
[WhiteTeam "SLO (Slowenien)"]
[BlackTeam "Köln-Klub Sfr."]
[WhiteTeamCountry "SLO"]
[BlackTeamCountry "GER"]

1. d4 Nf6 2. c4 g6 3. Nc3 Bg7 4. e4 d6 5. Be2 O-O 6. Bg5 Na6 7. Qd2 Qe8 8. Nf3
e5 9. d5 Nc5 10. Qc2 a5 11. Nd2 h6 12. Bh4 Bd7 13. O-O c6 14. Rae1 g5 15. Bg3
cxd5 16. cxd5 b5 17. Qb1 b4 18. Nd1 Qb8 19. Ne3 Nfxe4 20. Nxe4 Nxe4 21. Qxe4 f5
22. Qb1 f4 23. Nc4 Bb5 24. b3 Bxc4 25. bxc4 Qb6 1/2-1/2

[Event "Faaker See op 27th"]
[Site "Latschach (13.8.-20.8)"]
[Date "2011.08.16"]
[Round "5.12"]
[White "Saxer, Bernhard"]
[Black "Pakosta, Miroslav"]
[Result "0-1"]
[WhiteElo "1956"]
[BlackElo "2167"]
[PlyCount "142"]
[EventDate "2011.08.13"]
[EventType "swiss"]
[EventRounds "9"]
[EventCountry "AUT"]
[WhiteTeam "AUT (Österreich)"]
[BlackTeam "CZE (Tschechien)"]
[WhiteTeamCountry "AUT"]
[BlackTeamCountry "CZE"]

1. e4 e5 2. Nf3 g6 3. Nc3 Bg7 4. Bc4 Nc6 5. d4 Nxd4 6. Nxd4 exd4 7. Nb5 d6 8.
Nxd4 Nf6 9. Qd3 O-O 10. O-O a6 11. a4 Qe7 12. f3 Qe5 13. Ne2 Be6 14. Bxe6 Qxe6
15. Nc3 Rad8 16. Bg5 Qe5 17. Bh4 Rd7 18. Bg3 Qa5 19. Be1 c6 20. Nd5 Qd8 21.
Nxf6+ Qxf6 22. Bc3 Qe6 23. Bxg7 Kxg7 24. Rfd1 Rfd8 25. Qd4+ Qf6 26. Rd3 Qxd4+
27. Rxd4 Kf6 28. Rad1 Ke5 29. a5 f5 30. exf5 Kxf5 31. Kf2 d5 32. b4 Ke5 33. c3
Kd6 34. Rf4 Kc7 35. Re1 b6 36. axb6+ Kxb6 37. Re6 Rd6 38. Rff6 Rxe6 39. Rxe6
Kb5 40. Ke3 Rd7 41. Kd4 Rf7 42. Re8 Rf4+ 43. Kd3 Ka4 44. Ra8 Kb3 45. Rxa6 Rc4
46. b5 Rxc3+ 47. Kd4 Rc4+ 48. Ke5 cxb5 49. Kxd5 Rc2 50. Ra7 h5 51. g4 Rxh2 52.
gxh5 Rxh5+ 53. Kd4 b4 54. f4 Rh4 55. Ke5 Kb2 56. Rg7 Rg4 57. Ke4 b3 58. Kf3 Rg1
59. Kf2 Rd1 60. Rxg6 Rd3 61. f5 Rd5 62. f6 Rf5+ 63. Ke3 Kc3 64. Ke4 b2 65. Kxf5
b1=Q+ 66. Kg5 Qc1+ 67. Kf5 Qc2+ 68. Kg5 Qd2+ 69. Kf5 Qd5+ 70. Kf4 Kd4 71. Rg4
Qh5 0-1

[Event "Faaker See op 27th"]
[Site "Latschach (13.8.-20.8)"]
[Date "2011.08.16"]
[Round "5.13"]
[White "Fiala, Vaclav"]
[Black "Knoblauch, Leonhard"]
[Result "1-0"]
[WhiteElo "2162"]
[BlackElo "2065"]
[PlyCount "45"]
[EventDate "2011.08.13"]
[EventType "swiss"]
[EventRounds "9"]
[EventCountry "AUT"]
[WhiteTeam "CZE (Tschechien)"]
[BlackTeam "Ilmmünster SV"]
[WhiteTeamCountry "CZE"]
[BlackTeamCountry "GER"]

1. e4 c5 2. Nf3 Nc6 3. c3 d5 4. exd5 Qxd5 5. d4 Bg4 6. Be2 e6 7. c4 Qd7 8. d5
exd5 9. cxd5 Bxf3 10. Bxf3 Nd4 11. O-O Bd6 12. Be3 Nxf3+ 13. Qxf3 Ne7 14. Nc3
O-O 15. Ne4 Rac8 16. Rfd1 Rfd8 17. Rac1 b5 18. Bxc5 Bxc5 19. Nxc5 Qd6 20. Nb7
Qh6 21. Nxd8 Qxc1 22. Qxf7+ Kh8 23. Qe8+ 1-0

[Event "Faaker See op 27th"]
[Site "Latschach (13.8.-20.8)"]
[Date "2011.08.16"]
[Round "5.14"]
[White "Saathoff, Richard"]
[Black "Pazlar, Marko"]
[Result "1/2-1/2"]
[WhiteElo "2111"]
[BlackElo "2059"]
[PlyCount "27"]
[EventDate "2011.08.13"]
[EventType "swiss"]
[EventRounds "9"]
[EventCountry "AUT"]
[WhiteTeam "Nürnberg-Süd SW"]
[BlackTeam "SLO (Slowenien)"]
[WhiteTeamCountry "GER"]
[BlackTeamCountry "SLO"]

1. e4 e6 2. d4 d5 3. Nc3 Bb4 4. e5 Ne7 5. a3 Bxc3+ 6. bxc3 c5 7. Qg4 O-O 8. Bd3
f5 9. exf6 Rxf6 10. Bg5 Rf7 11. Qh5 g6 12. Qd1 Nbc6 13. Nf3 Qc7 14. O-O 1/2-1/2

[Event "Faaker See op 27th"]
[Site "Latschach (13.8.-20.8)"]
[Date "2011.08.16"]
[Round "5.15"]
[White "Linnert, Peter Dr"]
[Black "Riemelmoser, Franz Dr"]
[Result "0-1"]
[WhiteElo "1906"]
[BlackElo "2308"]
[PlyCount "78"]
[EventDate "2011.08.13"]
[EventType "swiss"]
[EventRounds "9"]
[EventCountry "AUT"]
[WhiteTeam "AUT (Österreich)"]
[BlackTeam "Simbach SC"]
[WhiteTeamCountry "AUT"]
[BlackTeamCountry "GER"]

1. c4 c5 2. g3 g6 3. Bg2 Bg7 4. Nc3 Nc6 5. e4 d6 6. d3 a6 7. Be3 Rb8 8. a4 Nf6
9. h3 O-O 10. Nge2 Ne8 11. O-O Nc7 12. d4 cxd4 13. Nxd4 Ne6 14. Nce2 Bd7 15.
Rc1 Qa5 16. b3 Qb4 17. f4 Ncxd4 18. Nxd4 Nxd4 19. Bxd4 Bxd4+ 20. Qxd4 Qxb3 21.
c5 Qxa4 22. Rfd1 Qxd4+ 23. Rxd4 Bc6 24. cxd6 exd6 25. Rxd6 Rfd8 26. Rcd1 Rxd6
27. Rxd6 a5 28. Kf2 a4 29. Ke3 a3 30. Bf1 Re8 31. e5 Ra8 32. Rd1 a2 33. Ra1 Bd5
34. Kd4 Be6 35. g4 Ra4+ 36. Ke3 Kg7 37. Bd3 f5 38. gxf5 gxf5 39. h4 Kf8 0-1

[Event "Faaker See op 27th"]
[Site "Latschach (13.8.-20.8)"]
[Date "2011.08.16"]
[Round "5.16"]
[White "Logar, Metod"]
[Black "Trevisan, Luigi"]
[Result "0-1"]
[WhiteElo "2044"]
[BlackElo "2147"]
[PlyCount "42"]
[EventDate "2011.08.13"]
[EventType "swiss"]
[EventRounds "9"]
[EventCountry "AUT"]
[WhiteTeam "SLO (Slowenien)"]
[BlackTeam "ITA (Italien)"]
[WhiteTeamCountry "SLO"]
[BlackTeamCountry "ITA"]

1. e4 e6 2. d4 d5 3. e5 c5 4. c3 Nc6 5. Nf3 Nge7 6. Bd3 Nf5 7. O-O Be7 8. Na3
cxd4 9. Bxf5 exf5 10. cxd4 Be6 11. Nc2 g5 12. Qd3 f4 13. b3 Qd7 14. Ba3 Bf5 15.
Qd2 Be4 16. Bxe7 Bxf3 17. gxf3 Nxe7 18. Rfe1 Qh3 19. e6 f6 20. Qb4 g4 21. Qxb7
Rc8 0-1

[Event "Faaker See op 27th"]
[Site "Latschach (13.8.-20.8)"]
[Date "2011.08.16"]
[Round "5.17"]
[White "Stock, Andreas(11.62)"]
[Black "Tarmann, Johannes"]
[Result "1/2-1/2"]
[WhiteElo "2138"]
[BlackElo "2019"]
[PlyCount "54"]
[EventDate "2011.08.13"]
[EventType "swiss"]
[EventRounds "9"]
[EventCountry "AUT"]
[WhiteTeam "Pirmasens SC"]
[BlackTeam "AUT (Österreich)"]
[WhiteTeamCountry "GER"]
[BlackTeamCountry "AUT"]

1. c4 e6 2. Nc3 c5 3. Nf3 Nf6 4. e4 d6 5. d4 cxd4 6. Nxd4 a6 7. Be2 Be7 8. O-O
Nbd7 9. Be3 O-O 10. Qd2 Qc7 11. Rac1 b6 12. f3 Rb8 13. Rfd1 Ne5 14. b3 Ng6 15.
Qe1 Re8 16. Qf2 Bd7 17. g3 Qb7 18. Nc2 h6 19. Kg2 Ne5 20. Rd2 g5 21. h3 Ng6 22.
Rcd1 b5 23. cxb5 axb5 24. Nd4 b4 25. Na4 d5 26. exd5 Nxd5 27. Nf5 exf5 1/2-1/2